000 00320cam a22001217a 4500
008 180718b1958 xxu||||| |||| 00| 0 eng d
082 _aD2 J421
100 _aJenks, C. Wilfred
245 _aCommon law of mankind
_cby C. Wilfred Jenks
260 _aLondon
_bStevens
_c1958
300 _a456p.
650 _aInternational law
999 _c371215
_d371215